[Event "Konik Morski Rewala OPEN A"]
[Site "Rewal"]
[Date "2007.08.28"]
[Round "8.19"]
[White "Maryasin, Boris"]
[Black "Gasik, Anna"]
[Result "1-0"]
[WhiteElo "2321"]
[BlackElo "2214"]
[PlyCount "109"]
[EventDate "2007.??.??"]

1. e4 c5 2. Nf3 e6 3. d3 Nc6 4. g3 g6 5. Bg2 Bg7 6. O-O Nge7 7. Re1 O-O 8. c3
Rb8 9. a4 a6 10. Be3 b6 11. d4 cxd4 12. cxd4 d5 13. e5 Nf5 14. Bf4 Rb7 15. Na3
f6 16. Rc1 fxe5 17. dxe5 Qe8 18. Qd2 Na5 19. Qc2 Bd7 20. b4 Bxa4 21. Qd3 Nc4
22. Ng5 Rd7 23. Nxc4 Bb5 24. Red1 dxc4 25. Qc3 h6 26. Ne4 g5 27. Be3 Rxd1+ 28.
Rxd1 Qh5 29. Re1 Nxe3 30. Qxe3 Bxe5 31. Qxb6 Bg7 32. Qxe6+ Kh8 33. Nd6 Bd4 34.
Kh1 Bf6 35. g4 Qg6 36. Be4 Qg8 37. Qxg8+ Kxg8 38. Bd5+ Kh8 39. Bxc4 Bxc4 40.
Nxc4 Bc3 41. Re6 Bxb4 42. Rxh6+ Kg7 43. Rxa6 Rxf2 44. Ne5 Bc3 45. Rg6+ Kh7 46.
Rxg5 Re2 47. Nf3 Bb4 48. Rf5 Bd6 49. h4 Kg6 50. h5+ Kg7 51. g5 Be7 52. Ne5 Bd8
53. h6+ Kg8 54. g6 Be7 55. h7+ 1-0

[Event "Konik Morski Rewala OPEN A"]
[Site "Rewal"]
[Date "2007.08.28"]
[Round "8.20"]
[White "Paci, Cedric"]
[Black "Gluszko, Tomasz"]
[Result "1-0"]
[WhiteElo "2304"]
[BlackElo "2119"]
[PlyCount "215"]
[EventDate "2007.??.??"]

1. Nf3 Nf6 2. c4 g6 3. g3 Bg7 4. Bg2 d5 5. cxd5 Nxd5 6. d4 Nc6 7. O-O Nb6 8. e3
O-O 9. Nc3 e5 10. d5 Na5 11. e4 c6 12. Bg5 f6 13. Be3 cxd5 14. Bxb6 Qxb6 15.
Nxd5 Qd8 16. Rc1 Rf7 17. Nc7 Qxd1 18. Rfxd1 Rb8 19. Nb5 Be6 20. Nxa7 b5 21. Nc6
Nxc6 22. Rxc6 Bxa2 23. Ra1 Bc4 24. Nd2 Bd3 25. Bh3 f5 26. Rd6 Bc2 27. Rc1 Rc8
28. exf5 gxf5 29. Ne4 Rc4 30. Rd8+ Rf8 31. Rxf8+ Kxf8 32. Nd2 Rc8 33. Nb3 Bh6
34. f4 Rc4 35. Nd2 Rc8 36. Nf3 exf4 37. Ne1 Re8 38. Nxc2 fxg3 39. Re1 gxh2+ 40.
Kxh2 Rxe1 41. Nxe1 Bd2 42. Nd3 b4 43. b3 f4 44. Kg2 Ke7 45. Kf3 Kd6 46. Nxf4
Ke5 47. Ne6 Kd5 48. Ke2 Bc3 49. Kd3 h6 50. Nc7+ Kc6 51. Ne6 Kd5 52. Nf4+ Kc5
53. Bg4 Be1 54. Ne6+ Kd5 55. Nd4 Bh4 56. Nc2 Be7 57. Ne3+ Kc5 58. Ke4 Bg5 59.
Bh5 Bh4 60. Bf7 Bg5 61. Nf5 Bd2 62. Kf3 Bc1 63. Kg4 Bg5 64. Kh5 Bc1 65. Nxh6
Bd2 66. Nf5 Bc1 67. Kg4 Bd2 68. Kf3 Bc3 69. Ke4 Bf6 70. Ne3 Bg7 71. Nd5 Ba1 72.
Nf4 Bc3 73. Kd3 Bf6 74. Ne6+ Kb5 75. Be8+ Ka5 76. Kc4 Bc3 77. Nd4 Kb6 78. Nc6
Kc7 79. Nxb4 Be1 80. Bg6 Kd6 81. Nd5 Ba5 82. Kd4 Kc6 83. Bf5 Kd6 84. Bg4 Kc6
85. b4 Bxb4 86. Nxb4+ Kb5 87. Nd5 Kc6 88. Ke5 Kc5 89. Ne3 Kc6 90. Be6 Kc5 91.
Bd5 Kb4 92. Kd4 Ka3 93. Nd1 Kb4 94. Bc4 Ka4 95. Ne3 Kb4 96. Nc2+ Ka4 97. Kc5
Ka5 98. Nd4 Ka4 99. Nb5 Ka5 100. Bb3 Ka6 101. Nd6 Ka5 102. Nc4+ Ka6 103. Kc6
Ka7 104. Bc2 Ka6 105. Bf5 Ka7 106. Be6 Ka6 107. Bc8+ Ka7 108. Kc7 1-0

[Event "Konik Morski Rewala OPEN A"]
[Site "Rewal"]
[Date "2007.08.28"]
[Round "8.21"]
[White "Llanezavega, Patricia"]
[Black "Pigula, Marek"]
[Result "0-1"]
[WhiteElo "2298"]
[BlackElo "2141"]
[PlyCount "92"]
[EventDate "2007.??.??"]

1. e4 c5 2. Nf3 d6 3. d4 cxd4 4. Nxd4 Nf6 5. Nc3 Nc6 6. Bg5 Qb6 7. Nb3 e6 8.
Qd2 a6 9. O-O-O Be7 10. f3 O-O 11. h4 Rd8 12. Be3 Qc7 13. Qf2 Nd7 14. f4 b5 15.
Kb1 Rb8 16. f5 Nce5 17. Qg3 Nf6 18. h5 exf5 19. Bd3 fxe4 20. Nxe4 Nfg4 21. h6
g6 22. Bg5 f6 23. Bd2 d5 24. Ba5 Qa7 25. Bxd8 Bxd8 26. Be2 Ne3 27. Qf2 Bf5 28.
Nec5 Bxc2+ 29. Ka1 Bxd1 30. Bxd1 N3c4 31. Qd4 Qf7 32. Nxa6 Bb6 33. Nac5 Rc8 34.
Bf3 Nxf3 35. gxf3 Ne5 36. Qb4 Qf8 37. Na6 Qxb4 38. Nxb4 Rd8 39. f4 Ng4 40. a3
d4 41. Nc6 Rd7 42. Re1 Kf7 43. Rh1 d3 44. Kb1 d2 45. Rd1 Be3 46. Ncd4 Nf2 0-1

[Event "Konik Morski Rewala OPEN A"]
[Site "Rewal"]
[Date "2007.08.28"]
[Round "8.22"]
[White "Wozniak, Maciej"]
[Black "Bronowicki, Mateusz"]
[Result "0-1"]
[WhiteElo "2180"]
[BlackElo "2274"]
[PlyCount "118"]
[EventDate "2007.??.??"]

1. e4 e6 2. d3 d5 3. Nd2 Nf6 4. Ngf3 b6 5. c3 Be7 6. Be2 a5 7. Qa4+ Bd7 8. Qc2
Bb5 9. c4 dxc4 10. Nxc4 Bb4+ 11. Ncd2 Na6 12. O-O O-O 13. Nb3 Be7 14. Nbd4 Nb4
15. Qc3 Bd7 16. a3 c5 17. axb4 cxd4 18. Qxd4 Bxb4 19. Bg5 Be7 20. Ne5 Bb5 21.
Qe3 Nd5 22. exd5 Bxg5 23. f4 Be7 24. Bf3 exd5 25. Rfc1 Qd6 26. d4 a4 27. Rc3 f6
28. Nd3 Rfe8 29. Qf2 Rac8 30. Rac1 Rxc3 31. Rxc3 Bf8 32. f5 Kh8 33. g3 Qd7 34.
Bg4 Bd6 35. Nf4 Bxf4 36. Qxf4 Bc4 37. Re3 Rxe3 38. Qxe3 b5 39. Qe1 Kg8 40. Qa5
Qe8 41. Kf2 h5 42. Bf3 Qc8 43. g4 hxg4 44. Bxg4 Qb8 45. Kg2 Qf4 46. h3 Bd3 47.
Qe1 Qe4+ 48. Qxe4 Bxe4+ 49. Kf2 b4 50. Bd1 a3 51. bxa3 bxa3 52. Bb3 Kh7 53. Ba2
Bxf5 54. h4 Kh6 55. Ke3 Kh5 56. Kd2 Be4 57. Kc3 Kxh4 58. Kb4 g5 59. Kxa3 g4 0-1

[Event "Konik Morski Rewala OPEN A"]
[Site "Rewal"]
[Date "2007.08.28"]
[Round "8.23"]
[White "Stoma, Pawel"]
[Black "Gorecka, Joanna"]
[Result "0-1"]
[WhiteElo "2233"]
[BlackElo "2089"]
[PlyCount "47"]
[EventDate "2007.??.??"]

1. e4 c5 2. Nf3 d6 3. Nc3 Nf6 4. Bb5+ Bd7 5. Bxd7+ Nbxd7 6. O-O g6 7. Qe2 Qc7
8. d4 cxd4 9. Nb5 Qd8 10. Ng5 Bg7 11. b3 O-O 12. Bb2 h6 13. Nf3 a6 14. Nbxd4 e5
15. c4 exd4 16. Nxd4 Re8 17. f3 d5 18. cxd5 Nxd5 19. Qd2 N5f6 20. Rfd1 Qe7 21.
Rac1 Rac8 22. Qa5 Rc5 23. Qd2 Rxc1 24. Rxc1 0-1

[Event "Konik Morski Rewala OPEN A"]
[Site "Rewal"]
[Date "2007.08.28"]
[Round "8.24"]
[White "Dragun, Kamil"]
[Black "Budrewicz, Krzysztof"]
[Result "1-0"]
[WhiteElo "2050"]
[BlackElo "2224"]
[PlyCount "77"]
[EventDate "2007.??.??"]

1. e4 d5 2. exd5 Nf6 3. Bb5+ Bd7 4. Bc4 Bg4 5. f3 Bf5 6. Nc3 c6 7. dxc6 Nxc6 8.
Nge2 e5 9. Ng3 Bg6 10. d3 Be7 11. Be3 O-O 12. Qd2 a6 13. O-O b5 14. Bb3 Nd4 15.
Nge4 Nxb3 16. Nxf6+ Bxf6 17. axb3 Be7 18. Qf2 b4 19. Ne4 f5 20. Nd2 Qc8 21. Nc4
f4 22. Bb6 Rf6 23. Ra5 Rb8 24. Rxe5 Rf7 25. Rfe1 Bf8 26. Bc5 Qc7 27. Bxf8 Rbxf8
28. Qc5 Qd8 29. Qa5 Qd4+ 30. Kh1 Rf6 31. Qc5 Qd8 32. Re7 Rf5 33. Qc7 Qd4 34.
Ne5 Rh5 35. Nxg6 hxg6 36. Qc4+ Qxc4 37. bxc4 Kh7 38. R7e5 g5 39. Kg1 1-0

[Event "Konik Morski Rewala OPEN A"]
[Site "Rewal"]
[Date "2007.08.28"]
[Round "8.25"]
[White "Nguyen, Piotr"]
[Black "Pieczonka, Marcin"]
[Result "1-0"]
[WhiteElo "2283"]
[BlackElo "2055"]
[PlyCount "63"]
[EventDate "2007.??.??"]

1. f4 d5 2. Nf3 Nf6 3. g3 g6 4. Bg2 Bg7 5. O-O c5 6. d3 O-O 7. Nc3 Nc6 8. Ne5
Nxe5 9. fxe5 Ng4 10. Nxd5 Nxe5 11. Bg5 Nc6 12. c3 Qd6 13. Qd2 f5 14. Rae1 e5
15. e4 Be6 16. a3 Rae8 17. b4 cxb4 18. axb4 a6 19. Be3 Rf7 20. Rb1 Qb8 21. b5
axb5 22. Rxb5 Rd8 23. Rfb1 Rdf8 24. Qb2 f4 25. Bc5 f3 26. Bf1 f2+ 27. Kh1 Bg4
28. h3 Qc8 29. Kh2 Rf3 30. Rxb7 Rxg3 31. Rxg7+ Kxg7 32. Qb7+ 1-0

[Event "Konik Morski Rewala OPEN A"]
[Site "Rewal"]
[Date "2007.08.28"]
[Round "8.26"]
[White "Philippe, Christophe"]
[Black "Czaja, Roman"]
[Result "1-0"]
[WhiteElo "2368"]
[BlackElo "2146"]
[PlyCount "87"]
[EventDate "2007.??.??"]

1. d4 d5 2. Nf3 Nf6 3. Bf4 c6 4. Nbd2 g6 5. e3 Bg7 6. h3 O-O 7. Bd3 Bf5 8. Bxf5
gxf5 9. Ne5 Nbd7 10. g4 e6 11. gxf5 exf5 12. Rg1 Kh8 13. Qf3 Qe7 14. O-O-O Rg8
15. Rg5 Nxe5 16. Bxe5 Nd7 17. Bxg7+ Rxg7 18. Rxg7 Kxg7 19. Qxf5 f6 20. Nf3 Kh8
21. Rg1 Rg8 22. Rg4 Nf8 23. Nh4 Qf7 24. Kd2 Ne6 25. Rxg8+ Kxg8 26. Qg4+ Kf8 27.
Nf5 Ng5 28. Qf4 Qd7 29. f3 b6 30. h4 Nf7 31. Qb8+ Nd8 32. e4 Kf7 33. c3 c5 34.
Ke3 cxd4+ 35. cxd4 dxe4 36. fxe4 Ke8 37. d5 Kf7 38. h5 Ke8 39. Qg3 Kf8 40. h6
b5 41. b4 a6 42. Kd3 Nb7 43. a3 a5 44. Qb8+ 1-0

[Event "Konik Morski Rewala OPEN A"]
[Site "Rewal"]
[Date "2007.08.28"]
[Round "8.27"]
[White "Bebel, Arkadiusz"]
[Black "Szwed, Jacek"]
[Result "1-0"]
[WhiteElo "2142"]
[BlackElo "2364"]
[PlyCount "205"]
[EventDate "2007.??.??"]

1. e4 c5 2. c3 d6 3. d4 Nf6 4. Bd3 g6 5. Nf3 Bg7 6. O-O O-O 7. dxc5 dxc5 8. h3
Qc7 9. Be3 b6 10. Qc1 e5 11. Nbd2 Nc6 12. Rd1 Rd8 13. Qc2 h6 14. Be2 Be6 15.
Nh2 Rd7 16. b3 Rad8 17. Ndf1 Kh7 18. Rxd7 Rxd7 19. Rd1 Rxd1 20. Bxd1 c4 21. b4
Ne8 22. g4 Qd6 23. Be2 Nd4 24. cxd4 exd4 25. Qa4 Nf6 26. e5 Qd7 27. Qxd7 Nxd7
28. Bxd4 Bxe5 29. Nf3 Bxd4 30. Nxd4 c3 31. Ne3 Bxa2 32. Nb5 a5 33. bxa5 c2 34.
Nxc2 bxa5 35. Nc3 Bb3 36. Nd4 Be6 37. Nc6 Kg7 38. Nxa5 f5 39. Nc6 fxg4 40. hxg4
Nf6 41. Ne5 Ne8 42. Kh2 Nd6 43. Kg3 Kf6 44. Nf3 Bc8 45. Bd3 Bb7 46. Nd2 Nf7 47.
f4 g5 48. Nde4+ Kg7 49. fxg5 hxg5 50. Nc5 Bc8 51. Be2 Ne5 52. Nd5 Bxg4 53. Bxg4
Nxg4 54. Kxg4 Kf7 55. Ne4 Ke6 56. Ne3 Ke5 57. Ng3 Kd4 58. Kf3 g4+ 59. Kf4 Kd3
60. Nef5 Kc3 61. Ke4 Kc4 62. Nd6+ Kc3 63. Ke3 Kc2 64. Kd4 Kb3 65. Nde4 Kb4 66.
Nc3 Kb3 67. Nd5 Kc2 68. Nb4+ Kb3 69. Nc6 Kc2 70. Na5 Kd2 71. Nb3+ Kc2 72. Kc4
Kb2 73. Nd4 Ka3 74. Kb5 Kb2 75. Kb4 Kc1 76. Kc3 Kd1 77. Nc2 Kc1 78. Ne3 Kb1 79.
Nd1 Ka2 80. Kb4 Kb1 81. Ne3 Kb2 82. Nd5 Kc2 83. Kc4 Kd2 84. Kd4 Kc2 85. Nb4+
Kb3 86. Nc6 Kc2 87. Na5 Kd2 88. Nb3+ Kc2 89. Kc4 Kb2 90. Nd4 Ka3 91. Kb5 Ka2
92. Ka4 Kb2 93. Kb4 Ka2 94. Nc2 Kb2 95. Ne3 Ka2 96. Nc4 Kb1 97. Kc3 Kc1 98. Nb2
Kb1 99. Nd3 Ka2 100. Kb4 Ka1 101. Kb3 Kb1 102. Nf1 Ka1 103. Nd2 1-0

[Event "Konik Morski Rewala OPEN A"]
[Site "Rewal"]
[Date "2007.08.28"]
[Round "8.28"]
[White "Jagodzinski, Piotr"]
[Black "Kalvaitis, Sigitas"]
[Result "0-1"]
[WhiteElo "2120"]
[BlackElo "2267"]
[PlyCount "98"]
[EventDate "2007.??.??"]

1. e4 e6 2. Nf3 d5 3. exd5 exd5 4. d4 Bd6 5. c3 Ne7 6. Be2 Nbc6 7. Bg5 Bf5 8.
Nbd2 f6 9. Bh4 Qd7 10. Bg3 O-O-O 11. b4 Rde8 12. O-O g5 13. Nb3 h5 14. Bxd6
Qxd6 15. Nc5 Ng6 16. Bd3 Be4 17. Bxe4 dxe4 18. Nd2 f5 19. Nc4 Qd5 20. Qb3 Nf4
21. Rfe1 b6 22. g3 bxc5 23. gxf4 Qg8 24. bxc5 gxf4+ 25. Kh1 Qg4 26. Qd1 Qh3 27.
d5 Rhg8 28. Rg1 Rxg1+ 29. Qxg1 Qf3+ 30. Qg2 Qxc3 31. Rb1 Nd4 32. Qg6 Qf3+ 33.
Kg1 Qg4+ 34. Qxg4 hxg4 35. c6 Rd8 36. d6 cxd6 37. Rd1 d5 38. Rxd4 dxc4 39. Rxc4
f3 40. h3 gxh3 41. Rc5 Rg8+ 42. Kh2 Rg2+ 43. Kxh3 Rxf2 44. Rxf5 Rxa2 45. Kg3
Kc7 46. Re5 Re2 47. Ra5 Kxc6 48. Rxa7 f2 49. Rf7 e3 0-1

[Event "Konik Morski Rewala OPEN A"]
[Site "Rewal"]
[Date "2007.08.28"]
[Round "8.29"]
[White "Szymanski, Andrzej"]
[Black "Gola, Karol"]
[Result "1/2-1/2"]
[WhiteElo "2251"]
[BlackElo "2141"]
[PlyCount "62"]
[EventDate "2007.??.??"]

1. d4 d5 2. c4 dxc4 3. e3 e5 4. Bxc4 exd4 5. exd4 Bb4+ 6. Nc3 Nf6 7. Nf3 O-O 8.
O-O Bg4 9. a3 Be7 10. h3 Bf5 11. Re1 Nbd7 12. Qe2 Nb6 13. Bb3 Bd6 14. Bg5 h6
15. Bh4 c6 16. Ne5 Rc8 17. Qf3 Bh7 18. Ng4 Nbd7 19. Re2 Qb6 20. Bxf6 Qxb3 21.
Bh4 Nb6 22. Nxh6+ gxh6 23. Qf6 Rfd8 24. Re3 Bf8 25. Rg3+ Bg6 26. Ne4 Qxb2 27.
Rxg6+ fxg6 28. Qxg6+ Bg7 29. Nf6+ Kf8 30. Nh7+ Kg8 31. Nf6+ Kf8 1/2-1/2

[Event "Konik Morski Rewala OPEN A"]
[Site "Rewal"]
[Date "2007.08.28"]
[Round "8.30"]
[White "Helstroffer, Arnaud"]
[Black "Andrenko, Irina"]
[Result "1/2-1/2"]
[WhiteElo "2234"]
[BlackElo "2108"]
[PlyCount "90"]
[EventDate "2007.??.??"]

1. e4 d6 2. d4 Nf6 3. Nc3 g6 4. f4 Bg7 5. Nf3 O-O 6. Bd3 Na6 7. O-O c5 8. d5
Nc7 9. a4 e6 10. Bc4 exd5 11. exd5 Bf5 12. h3 Ne4 13. Nxe4 Bxe4 14. Kh2 Bf5 15.
g4 Bd7 16. Ra3 a6 17. Ba2 b5 18. c4 Rb8 19. Rf2 Na8 20. axb5 axb5 21. cxb5 Nc7
22. Ng5 Nxb5 23. Rg3 Nd4 24. Ne4 Qb6 25. f5 Rbe8 26. f6 Rxe4 27. fxg7 Kxg7 28.
Qd2 Qd8 29. Qh6+ Kg8 30. Bg5 f6 31. Bb1 Re7 32. Bf4 Qc7 33. h4 Rg7 34. h5 Be8
35. Be3 Qe7 36. b4 Qe5 37. bxc5 dxc5 38. Bf4 Qe1 39. Rb2 Qf1 40. Bd6 Nf3+ 41.
Rxf3 Qxf3 42. Bxf8 Kxf8 43. Rb7 Qf2+ 44. Kh3 Qf3+ 45. Kh2 Qf2+ 1/2-1/2

[Event "Konik Morski Rewala OPEN A"]
[Site "Rewal"]
[Date "2007.08.28"]
[Round "8.31"]
[White "Wieclaw, Michal"]
[Black "Zurkowski, Andrzej"]
[Result "1/2-1/2"]
[WhiteElo "2228"]
[BlackElo "2015"]
[PlyCount "44"]
[EventDate "2007.??.??"]

1. e4 c5 2. Nf3 Nc6 3. d4 cxd4 4. Nxd4 Nf6 5. Nc3 e6 6. Ndb5 Bb4 7. a3 Bxc3+ 8.
Nxc3 d5 9. exd5 exd5 10. Bd3 d4 11. Ne2 O-O 12. O-O Re8 13. Bg5 Re5 14. Bf4 Rd5
15. Re1 Bf5 16. Bxf5 Rxf5 17. Qd3 Rd5 18. Rad1 Qd7 19. h3 Re8 20. Ng3 Re6 21.
Re2 Rxe2 22. Nxe2 Qe6 1/2-1/2

[Event "Konik Morski Rewala OPEN A"]
[Site "Rewal"]
[Date "2007.08.28"]
[Round "8.32"]
[White "Baumann, Dariusz"]
[Black "Krasenkova, Ilena"]
[Result "0-1"]
[WhiteElo "2050"]
[BlackElo "2224"]
[PlyCount "72"]
[EventDate "2007.??.??"]

1. d4 d6 2. c4 e5 3. Nf3 e4 4. Nfd2 f5 5. e3 Nf6 6. Nc3 Be7 7. b3 c6 8. Bb2 d5
9. a4 O-O 10. Ba3 Bxa3 11. Rxa3 Qe7 12. Qc1 f4 13. Be2 fxe3 14. fxe3 Bg4 15. h3
Bxe2 16. Nxe2 Nh5 17. g4 Na6 18. Kd1 Nb4 19. Rh2 Nd3 20. Qa1 Nf6 21. Ra2 Nb4
22. Rb2 a5 23. Rb1 Nd7 24. Kc1 Qg5 25. Nf4 Rxf4 26. exf4 Qxf4 27. Re2 e3 28. c5
exd2+ 29. Kd1 Nf6 30. Qb2 Ne4 31. Rxe4 Qxe4 32. Kxd2 Qd3+ 33. Ke1 Nc2+ 34. Kf2
Rf8+ 35. Kg2 Qe2+ 36. Kh1 Rf2 0-1

[Event "Konik Morski Rewala OPEN A"]
[Site "Rewal"]
[Date "2007.08.28"]
[Round "8.33"]
[White "Krzyzanowski, Marcin"]
[Black "Wandzik, Wojciech"]
[Result "1-0"]
[WhiteElo "2206"]
[BlackElo "2009"]
[PlyCount "117"]
[EventDate "2007.??.??"]

1. e4 d5 2. exd5 Qxd5 3. Nc3 Qa5 4. d4 Nf6 5. Nf3 c6 6. Bc4 Bf5 7. Bd2 e6 8.
Nd5 Qd8 9. Nxf6+ gxf6 10. Bb3 Qc7 11. Qe2 Nd7 12. O-O-O O-O-O 13. Nh4 Bg6 14.
Qf3 Bd6 15. Be3 Kb8 16. Kb1 Rc8 17. Rd2 f5 18. g3 Nf6 19. Nxg6 hxg6 20. c4 c5
21. h4 cxd4 22. Bxd4 e5 23. Be3 Bb4 24. Rc2 Bc5 25. Re1 Bxe3 26. Qxe3 Ne4 27.
c5 Nxc5 28. Bxf7 Qxf7 29. Qxe5+ Ka8 30. Rxc5 Rhe8 31. Qc3 Rxe1+ 32. Qxe1 Re8
33. Qc1 a6 34. Qd2 Qe7 35. Rc1 Qe4+ 36. Ka1 Qf3 37. a3 Qe4 38. Qd7 Rb8 39. Qf7
Qg4 40. Qf6 Rg8 41. Qf7 Rb8 42. Ka2 Ka7 43. Rc6 Rf8 44. Qxf8 bxc6 45. Qc5+ Kb7
46. Qb4+ Kc7 47. Qxg4 fxg4 48. Kb3 Kd6 49. Kc4 Ke5 50. Kd3 Kd5 51. Ke3 Ke5 52.
b4 Kd5 53. f3 gxf3 54. Kxf3 Kc4 55. g4 Kb3 56. h5 gxh5 57. gxh5 Kxa3 58. h6
Kxb4 59. h7 1-0

[Event "Konik Morski Rewala OPEN A"]
[Site "Rewal"]
[Date "2007.08.28"]
[Round "8.34"]
[White "Kubit, Tomasz"]
[Black "Demidowicz, Maria"]
[Result "1-0"]
[WhiteElo "2198"]
[BlackElo "1979"]
[PlyCount "135"]
[EventDate "2007.??.??"]

1. e4 c5 2. Nf3 d6 3. d4 cxd4 4. Nxd4 Nf6 5. Nc3 a6 6. g3 e5 7. Nde2 Nbd7 8.
Bg2 b5 9. h3 Bb7 10. g4 Nc5 11. Ng3 Be7 12. O-O O-O 13. Kh2 Ne6 14. Nf5 Rc8 15.
Nd5 Nxd5 16. exd5 Nc5 17. f4 Nd7 18. Re1 Re8 19. Nxe7+ Rxe7 20. c3 exf4 21.
Bxf4 Rxe1 22. Qxe1 Qf6 23. Qg3 Re8 24. Bxd6 Re2 25. Kg1 Rxb2 26. Re1 Qd8 27.
Qe3 Nf6 28. Qe7 Rxg2+ 29. Kxg2 Bxd5+ 30. Kh2 Qxe7 31. Rxe7 h5 32. Be5 hxg4 33.
Bxf6 gxf6 34. a3 a5 35. hxg4 a4 36. Kg3 Kg7 37. Kf4 Kg6 38. Rc7 Bc4 39. Rc5 Be2
40. Ke3 Bf1 41. Rf5 Bc4 42. Rc5 Bf1 43. Rh5 Bc4 44. Rf5 Kg7 45. Kd4 Kg6 46. Kc5
Bd3 47. Rd5 Bc4 48. Rh5 Bd3 49. Kd4 Bc4 50. Rc5 Be2 51. Rh5 Bc4 52. Kc5 Bd3 53.
Rh3 Bc4 54. Rf3 Kg5 55. Kd6 Kxg4 56. Rxf6 Kg5 57. Rf2 f5 58. Ke5 Bd3 59. Rg2+
Kh5 60. Kf4 Be4 61. Rg8 Bc2 62. Rb8 Bd3 63. Rb6 Bc4 64. Kxf5 Kh4 65. Ke4 Kg4
66. Rf6 Kg5 67. Rf8 Kg4 68. Rf4+ 1-0

[Event "Konik Morski Rewala OPEN A"]
[Site "Rewal"]
[Date "2007.08.28"]
[Round "8.35"]
[White "Smirnov, Aleksander"]
[Black "Kunicki, Michal"]
[Result "0-1"]
[WhiteElo "2247"]
[BlackElo "2120"]
[PlyCount "86"]
[EventDate "2007.??.??"]

1. e4 c5 2. Nf3 e6 3. c3 d5 4. exd5 Qxd5 5. d4 Nf6 6. Be3 cxd4 7. cxd4 Nc6 8.
Nc3 Qd6 9. a3 Be7 10. Bd3 O-O 11. O-O Rd8 12. Qc2 h6 13. Rad1 Bd7 14. Bc4 Rac8
15. Ba2 Bf8 16. Bb1 Ne7 17. Ne5 Ned5 18. Bd2 Be8 19. Qd3 g6 20. Rfe1 Bg7 21.
Qh3 Nxc3 22. Bxc3 Qb6 23. b4 Nd5 24. Ba1 a5 25. bxa5 Qxa5 26. Rc1 Rxc1 27. Rxc1
Qd2 28. Rf1 Nf4 29. Qe3 Ne2+ 30. Kh1 Qxe3 31. fxe3 Bxe5 32. dxe5 Bc6 33. e4 Rd2
34. Re1 g5 35. g3 Bb5 36. g4 Kg7 37. Kg2 Nf4+ 38. Kh1 Be2 39. Rc1 Bf3+ 40. Kg1
Ne2+ 41. Kf2 Nxc1+ 42. Kxf3 Nb3 43. Ke3 Rxh2 0-1

[Event "Konik Morski Rewala OPEN A"]
[Site "Rewal"]
[Date "2007.08.28"]
[Round "8.36"]
[White "Tofil, Borys"]
[Black "Wojciechowski, Piotr"]
[Result "1-0"]
[WhiteElo "2148"]
[BlackElo "2228"]
[PlyCount "51"]
[EventDate "2007.??.??"]

1. d4 Nf6 2. Nc3 d5 3. Bg5 Ne4 4. Nxe4 dxe4 5. Qd2 h6 6. Bh4 g5 7. Bg3 Bg7 8.
O-O-O c6 9. h4 e6 10. f3 Qd5 11. Kb1 e3 12. Qxe3 c5 13. Qc1 cxd4 14. e4 Qa5 15.
hxg5 hxg5 16. Rxh8+ Bxh8 17. e5 f6 18. Bd3 Kf7 19. Ne2 Nc6 20. Rh1 Bg7 21. exf6
Kxf6 22. f4 g4 23. Be1 Nb4 24. Bxb4 Qxb4 25. Ng3 Bd7 26. Nh5+ 1-0

[Event "Konik Morski Rewala OPEN A"]
[Site "Rewal"]
[Date "2007.08.28"]
[Round "8.37"]
[White "Christensen, Bo Garner"]
[Black "Cherednichenko, Elena"]
[Result "1-0"]
[WhiteElo "2223"]
[BlackElo "2105"]
[PlyCount "119"]
[EventDate "2007.??.??"]

1. e4 e6 2. Nf3 d5 3. e5 c5 4. b4 cxb4 5. a3 Nc6 6. axb4 Bxb4 7. c3 Be7 8. d4
Bd7 9. Bd3 f5 10. h4 h5 11. Ng5 g6 12. Bf4 Nh6 13. g3 Nf7 14. Nh3 Na5 15. Bc1
Qb6 16. Nd2 Rc8 17. Rb1 Qc7 18. Bb2 a6 19. Nf4 Rg8 20. Qe2 b5 21. O-O Qc6 22.
Ra1 Nc4 23. Nxc4 bxc4 24. Bc2 Qb6 25. Ra2 Bb5 26. Rfa1 Nd8 27. Bc1 Ra8 28. Kh2
Nb7 29. Rb1 Rb8 30. Ba4 Nd8 31. Bxb5+ axb5 32. Rba1 Kf7 33. Ra6 Qb7 34. Ra7 Qc8
35. Nh3 Nc6 36. Ng5+ Ke8 37. R7a6 Rg7 38. Qb2 Bd8 39. R1a2 Rgb7 40. Bd2 Qd7 41.
Qa1 Bb6 42. Nh3 Ra7 43. Nf4 Kf7 44. Rxa7 Bxa7 45. Nh3 Bb6 46. Bg5 Bd8 47. Bxd8
Rxd8 48. Ng5+ Kg7 49. Ra6 Rb8 50. Qa3 Rb7 51. Qc5 Rc7 52. Ra8 Rc8 53. Rxc8 Qxc8
54. Qd6 b4 55. Nxe6+ Kh6 56. Nf8 Kg7 57. Qf6+ Kg8 58. Ne6 Qd7 59. Qf8+ Kh7 60.
Ng5# 1-0

[Event "Konik Morski Rewala OPEN A"]
[Site "Rewal"]
[Date "2007.08.28"]
[Round "8.38"]
[White "Janczarski, Michal"]
[Black "Pazdziora, Michal"]
[Result "1/2-1/2"]
[WhiteElo "2088"]
[BlackElo "2205"]
[PlyCount "80"]
[EventDate "2007.??.??"]

1. c4 e6 2. e3 d5 3. Nf3 Nf6 4. Qc2 a6 5. d3 c5 6. Nbd2 Nc6 7. a3 Be7 8. b3 O-O
9. Bb2 b5 10. d4 bxc4 11. bxc4 cxd4 12. Nxd4 Bb7 13. Nxc6 Bxc6 14. cxd5 Bxd5
15. Bd3 Qc8 16. Qxc8 Rfxc8 17. e4 Bc6 18. Ke2 Nd7 19. f3 Nc5 20. Bc4 Bg5 21.
Rac1 Bb5 22. Bxb5 Bxd2 23. Rc2 axb5 24. Kxd2 Rd8+ 25. Ke2 Nd3 26. Rd1 Nf4+ 27.
Ke1 Rxd1+ 28. Kxd1 h6 29. Rd2 Rc8 30. g3 Ng6 31. Rc2 Rb8 32. Bc3 Ra8 33. Bb2
Rb8 34. Rc5 Nf8 35. Be5 Ra8 36. Rxb5 Rxa3 37. Rb8 Rd3+ 38. Ke2 Rd7 39. Bc3 f6
40. Bb4 Rf7 1/2-1/2

[Event "Konik Morski Rewala OPEN A"]
[Site "Rewal"]
[Date "2007.08.28"]
[Round "8.39"]
[White "Kotermanska, Anna"]
[Black "Tsifanskaya, Ludmila A"]
[Result "1/2-1/2"]
[WhiteElo "1980"]
[BlackElo "2170"]
[PlyCount "132"]
[EventDate "2007.??.??"]

1. e4 c5 2. Nf3 Nc6 3. d4 cxd4 4. Nxd4 Qb6 5. Nxc6 bxc6 6. Nc3 e5 7. Bc4 Nf6 8.
O-O Be7 9. Re1 O-O 10. Bb3 d6 11. Be3 Qc7 12. h3 Be6 13. Qf3 Rad8 14. Rad1 Bxb3
15. axb3 Kh8 16. Rd2 Rd7 17. Ra1 Qb8 18. Ra6 Rc8 19. g4 Bd8 20. Ra1 Ne8 21. Ne2
g6 22. Kg2 Ng7 23. Rad1 Ne6 24. Qg3 Kg8 25. h4 Be7 26. Nc3 Rcd8 27. f3 Bf6 28.
h5 g5 29. Qf2 Nf4+ 30. Kh2 Rb7 31. Ne2 Nxe2 32. Qxe2 c5 33. Rd5 h6 34. Qd3 Be7
35. Bxc5 dxc5 36. Rxd8+ Bxd8 37. Qxd8+ Qxd8 38. Rxd8+ Kg7 39. Rc8 Rb5 40. Kg2
Ra5 41. Kf2 Ra2 42. Rxc5 Rxb2 43. Ke3 Ra2 44. Kd3 Kf6 45. Rc6+ Kg7 46. Kc3 a5
47. Rc4 Ra1 48. Kd3 Rf1 49. Ke2 Rc1 50. Rc5 Kf6 51. c4 Ra1 52. Rc6+ Kg7 53. c5
a4 54. bxa4 Rxa4 55. Rd6 Rc4 56. Rd5 Kf6 57. Kd3 Rc1 58. Kd2 Rc4 59. Rd6+ Ke7
60. Rxh6 Rxc5 61. Rh8 Ra5 62. Rb8 Kf6 63. Rb6+ Kg7 64. Rd6 Ra2+ 65. Ke3 Rh2 66.
Kd3 f6 1/2-1/2

[Event "Konik Morski Rewala OPEN A"]
[Site "Rewal"]
[Date "2007.08.28"]
[Round "8.40"]
[White "Majcher, Marcin"]
[Black "Morozova, Julia"]
[Result "1-0"]
[WhiteElo "2163"]
[BlackElo "2073"]
[PlyCount "77"]
[EventDate "2007.??.??"]

1. e4 e6 2. d4 d5 3. Nc3 Nc6 4. e5 f6 5. exf6 Qxf6 6. Nf3 Bd6 7. Bg5 Qg6 8. Bd3
Qh5 9. Qd2 Nge7 10. O-O-O Bd7 11. Bf4 O-O-O 12. Rhe1 Bxf4 13. Qxf4 Rhf8 14. Qg3
Rxf3 15. gxf3 Nxd4 16. Qxg7 Nef5 17. Qg4 Qxh2 18. Rh1 Qxf2 19. Qf4 Ne3 20. Rh2
Qxf3 21. Qxd4 Nxd1 22. Nxd1 e5 23. Qxe5 Re8 24. Qd4 Re1 25. Bxh7 Bg4 26. Rd2 c6
27. c3 Rh1 28. Bc2 b6 29. b3 Be6 30. Qe5 Qh3 31. Kb2 Bd7 32. Rf2 Qh6 33. Qf4
Qh5 34. Qd6 Rxd1 35. Bxd1 Qxd1 36. Rf8+ Kb7 37. Qxd7+ Ka6 38. Rf2 Qg1 39. Rc2
1-0

[Event "Konik Morski Rewala OPEN A"]
[Site "Rewal"]
[Date "2007.08.28"]
[Round "8.41"]
[White "Polok, Rafal"]
[Black "Dudys, Jakub"]
[Result "0-1"]
[WhiteElo "1942"]
[BlackElo "2162"]
[PlyCount "94"]
[EventDate "2007.??.??"]

1. e4 c5 2. Nf3 e6 3. d4 cxd4 4. Nxd4 a6 5. Be2 Qc7 6. O-O Nf6 7. Nc3 Nc6 8.
Be3 Bb4 9. Na4 O-O 10. c4 Bd6 11. Nc3 Bxh2+ 12. Kh1 Bf4 13. Nxc6 dxc6 14. Bxf4
Qxf4 15. g3 Qh6+ 16. Kg2 e5 17. Rh1 Qg6 18. Qc2 Be6 19. Bd3 Rad8 20. Ne2 Ng4
21. Rad1 Rde8 22. c5 f5 23. exf5 Bxf5 24. Qb3+ Kh8 25. Bxf5 Qxf5 26. f3 e4 27.
fxg4 Qf2+ 28. Kh3 Qxe2 29. Qxb7 Rf6 30. Rd6 Rf1 31. Rh2 Qf3 32. Qxc6 Rf8 33.
Re6 Rg1 34. Qd6 Kg8 35. Re7 Qf1+ 36. Kh4 Rh1 37. Rxh1 Qxh1+ 38. Kg5 Qc1+ 39.
Kh4 Qh1+ 40. Kg5 Qc1+ 41. Kh4 Kh8 42. Re6 Qh1+ 43. Kg5 Qc1+ 44. Kh4 Qh1+ 45.
Kg5 h6+ 46. Kg6 Qf3 47. Kh5 Rf5+ 0-1